00721nam a2200229Ia 4500003000900000008004100009040001300050040001300063041000800076100002500084100000800109245007400117250001000191260003300201260000900234300001100243300001000254490000600264942000700270999001700277952019700294IT-RoPAU120407s9999 xx 000 0 und d aIT-RoPAU cIT-RoPAU aita aM. Cristina Cruciani csr. aStoria e teologia della Messa in onore di Maria Regina degli Apostoli aRoma  aCasa Generalizia PDDM - Cscm c1988 a105 p. c21 cm v1 cBK c24150d24150 00102ddc406PD_7_47000000000000071aPAULUSbPAULUSd2012-04-11l0oPD 7.47r2012-04-11 00:00:00w2012-04-11yBKzInserito da: Anna In data: 07 agosto 2011 fondo: Via A.Severo 56 Progr:33907